000 00506ntaaa2200193 4500
003 01
005 20251027202112.0
008 0714s1973 ag 01
040 _aAR-BaBN
_bspa
_cAR-BaBN
_eaacr
_dRIC
082 _a252.0600 R52
100 _aRivas, José
_919501
245 _aDevociones semanales
250 _a1 ed.
260 _aEl Paso :
_bCasa Bautista de Publicaciones,
_c1966
300 _a66 p
500 _a52 meditaciones para devociones semanales
650 _ameditaciones
_95341
942 _cBK
999 _c15890
_d15890